| 000 | 01376nam0a22002771 4500 | ||
|---|---|---|---|
| 001 | rc\2966724 | ||
| 005 | 20260406083657.0 | ||
| 035 | _a(NLR Aleph) 007113128 | ||
| 090 |
_a6788410 _c6788410 |
||
| 100 | _a20110906d1933 |||y0rusy50 ca | ||
| 101 | 0 | _arus | |
| 102 | _aRU | ||
| 105 | _ay z ||||| | ||
| 200 | 1 |
_aЯзык и письменность народов СССР _eСтеногр. отчет I Всесоюз. пленума Науч. совета ВЦКНА 15-19 февр. 1933 г. _fПод ред. К. Алавердова, С. Диманштейна, Д. Коркмасова, А. Нухрат |
|
| 210 |
_aМосква _cВЦКНА при Президиуме совета национальностей СССР _d1933 _gтип. ВЦИК |
||
| 215 |
_aОбл., тит. л., 286 с. _d25х18 см |
||
| 702 | 1 |
_aАлавердов _bК.А. _gКонстантин Александрович _4340 |
|
| 702 | 1 |
_4340 _7ca _8rus _aДиманштейн _bС. М. _f1886-1938 _gСемен Маркович _3RU\NLR\AUTH\770278413 _92650380 |
|
| 702 | 1 |
_aКоркмасов _bД. _4340 |
|
| 702 | 1 |
_aНухрат _bА. _4340 |
|
| 710 | 0 | 2 | _aВсесоюзный центральный комитет нового латинизированного алфавита |
| 801 | 0 |
_aRU _bNLR _gpsbo |
|
| 801 | 1 |
_aRU _bELAR _2rusmarc |
|
| 852 |
_aNLR _j33-5/501 |
||
| 942 | _cBOOK | ||
| 980 | _aNB | ||